000
00288nam a2200109Ia 4500
008
220204s9999 xx 000 0 und d
082
_a
005
_b
BAS
245
0
_a
Basic science. Revised edition
260
_a
London
_b
FEP
505
_a
Small books in cover box (kept in DO's room)
942
_c
BK
999
_c
32021
_d
32021